| 000 | 00355nam a22001337a 4500 | ||
|---|---|---|---|
| 003 | CEME | ||
| 005 | 20210628202250.0 | ||
| 008 | 210301b xxu||||| |||| 00| 0 eng d | ||
| 040 | _c. | ||
| 082 | _a923.1 MUH | ||
| 100 |
_aSardar Muhammad Choudhary _959073 |
||
| 245 | _aQuaid azam muhammad ali jinnah biswey sadi kaw sub say bera insan | ||
| 942 |
_cBK _2ddc |
||
| 999 |
_c569128 _d569128 |
||